रवींद्रनाथ टागोर (Record no. 234868)

MARC details
000 -LEADER
fixed length control field 00566nam a2200169Ia 4500
008 - FIXED-LENGTH DATA ELEMENTS--GENERAL INFORMATION
fixed length control field 090201s9999 xx 000 0 und d
010 ## - LIBRARY OF CONGRESS CONTROL NUMBER
LC control number KPL-32678
040 ## - CATALOGING SOURCE
Language of cataloging मराठी
041 ## - LANGUAGE CODE
Language code of text/sound track or separate title मराठी
082 ## - DEWEY DECIMAL CLASSIFICATION NUMBER
Classification number 36983
Item number 32678
100 ## - MAIN ENTRY--PERSONAL NAME
Personal name ग ना जोशी
245 ## - TITLE STATEMENT
Title रवींद्रनाथ टागोर
Statement of responsibility, etc ग ना जोशी
260 ## - PUBLICATION, DISTRIBUTION, ETC. (IMPRINT)
Date of publication, distribution, etc 2004
Name of publisher, distributor, etc मराठी तत्त्वज्ञान महाकोश
300 ## - PHYSICAL DESCRIPTION
Extent 212
Other physical details मोठा
600 ## - SUBJECT ADDED ENTRY--PERSONAL NAME
Personal name रवींद्रनाथ टागोर
942 ## - ADDED ENTRY ELEMENTS (KOHA)
Koha item type Book
Holdings
Withdrawn status Lost status Damaged status Not for loan Home library Current library Date acquired Cost, normal purchase price Total Checkouts Barcode Date last seen Copy number Cost, replacement price Price effective from Koha item type
        Sarvajanik Wachanalaya, Kalyan Sarvajanik Wachanalaya, Kalyan   35.00   KPL-32678 02/01/2009 1 35.00 02/01/2009 Book